| 000 | 00650nam a2200205Ia 4500 | ||
|---|---|---|---|
| 003 | GCL | ||
| 005 | 20240530095334.0 | ||
| 008 | 140319s9999 xx 000 0 ara d | ||
| 040 |
_aGCL / _cGCL |
||
| 082 | 0 | 4 |
_a647.94 _bط ا |
| 100 | 1 | _aطه عبدالمجيد | |
| 245 | 1 | 0 |
_aالادارة المعاصرة فى صناعة الفندقة / _cطه عبدالمجيد |
| 250 | _aالاولى | ||
| 300 |
_a336 ص ؛ _c25 سم |
||
| 650 | 0 | 4 | _aالفنادق - تنظيم وادارة |
| 650 | 0 | 4 | _aالفنادق - خدمات الطعام |
| 650 | 0 | 4 | _aالفنادق - ادارات |
| 650 | 0 | 4 | _aالفنادق - صناعة |
| 942 |
_2ddc _cBK |
||
| 999 |
_c6294 _d6294 |
||